000 00682nam a2200205 i 4500
001 46282
003 ES-MaACL
005 20230906161345.0
007 t|
008 030328s1977 sp ||||1| spa d
100 1 _aComblin, Joseph.
_939978
245 1 0 _aJesús de Nazaret
_b: meditación sobre la vida y acción humana de Jesús /
_cJoseph Comblin ; [traducción de Mª del Carmen Pérez Vicente].
260 _aSantander :
_bSal Terrae,
_c[1977]
300 _a107 p. ;
_c21 cm.
490 1 _aEl pozo de Siquem
700 1 _aPérez Vicente, María del Carmen.
_991200
830 0 _aEl pozo de Siquem
_9193000
852 _aES-MaACL
_jA-7612
_bR.96949
999 _c46282
_d46282